000 00396nam a2200157Ia 4500
008 230524s9999 xx 000 0 und d
082 _a6.3
_bARO
100 _aSumita Arora
_924013
245 0 _aPracticals & Projects in C++ (Class-XII)
250 _a1ST
260 _aNEW DELHI
_bDhanpat Rai
_c1998
300 _aXXIV;1141
500 _aQuantity Number: 1
650 _aComp-Sc
942 _cBK
999 _c35561
_d35561